|
|
|
|
| LEADER |
01391nam a2200373 a 4500 |
| 001 |
EBC3000512 |
| 003 |
MiAaPQ |
| 005 |
20200520144314.0 |
| 006 |
m o d | |
| 007 |
cr cn||||||||| |
| 008 |
010508s2001 ctu s 001 0 eng |
| 010 |
|
|
|z 2001033732
|
| 020 |
|
|
|z 0313315752 (alk. paper)
|
| 035 |
|
|
|a (MiAaPQ)EBC3000512
|
| 035 |
|
|
|a (Au-PeEL)EBL3000512
|
| 035 |
|
|
|a (CaPaEBR)ebr10005656
|
| 035 |
|
|
|a (CaONFJC)MIL86894
|
| 035 |
|
|
|a (OCoLC)51389713
|
| 040 |
|
|
|a MiAaPQ
|c MiAaPQ
|d MiAaPQ
|
| 050 |
|
4 |
|a CD950
|b .L43 2001
|
| 082 |
0 |
4 |
|a 025.1/97
|2 21
|
| 245 |
0 |
0 |
|a Leadership and administration of successful archival programs
|h [electronic resource] /
|c edited by Bruce W. Dearstyne.
|
| 260 |
|
|
|a Westport, CT :
|b Greenwood Press,
|c 2001.
|
| 300 |
|
|
|a viii, 159 p.
|
| 490 |
1 |
|
|a Greenwood library management collection,
|x 0894-2986
|
| 500 |
|
|
|a Includes index.
|
| 533 |
|
|
|a Electronic reproduction. Ann Arbor, MI : ProQuest, 2015. Available via World Wide Web. Access may be limited to ProQuest affiliated libraries.
|
| 650 |
|
0 |
|a Archives
|x Administration.
|
| 650 |
|
0 |
|a Leadership.
|
| 655 |
|
4 |
|a Electronic books.
|
| 700 |
1 |
|
|a Dearstyne, Bruce W.
|q (Bruce William),
|d 1944-
|
| 710 |
2 |
|
|a ProQuest (Firm)
|
| 830 |
|
0 |
|a Greenwood library management collection.
|
| 856 |
4 |
0 |
|u https://ebookcentral.proquest.com/lib/matrademy/detail.action?docID=3000512
|z Click to View
|